MARC

LEADER 00000nab a2200000 a 4500
001 vtls000189062
003 SK-MaSNL
005 20260302205643.0
008 111106c1984 xo 0 slo
015 |a SNBRB19rr/mm-uuuuu 
035 |a CL0199175 
040 |a SNKBUCL  |b slo  |c SNKBUCL  |e AACR2 
041 0 |a slo 
044 |a xo  |c SK 
080 |a 820-3  |2 1981 
100 1 |a Dahl, Roald,  |d 1916-1990  |4 aut  |9 101662 
245 1 0 |a Domáca  |c Roald Dahl 
650 0 7 |a poviedky-horory  |2 snkbucl  |9 928762 
655 7 |a články z novín a časopisov  |2 snkbucl  |9 267496 
655 7 |a články z odboru literárna veda a krásna literatúra  |2 snkbucl  |9 770045 
773 0 |t Nedeľná Pravda  |g Roč. 17, č. 32 (1984), s. /13/ 
850 |a Slovenská národná knižnica v Martine  |a MTA001 
852 |a SNK  |b KIS3GCP 
958 |a RK 
958 |a LX 
992 |a RBX 
999 |c 1478784  |d 1480714